Logo BPK

Biblioteka

Politechniki Koszalińskiej

Informator dla kandydatów na studia / (Rekord nr 42875)

Szczegóły MARC
000 -ETYKIETA REKORDU
podpole kontrolne o stałej długości 00808nam a2200241 i 4500
001 - NUMER KONTROLNY REKORDU
pole kontrolne bg
020 ## - MIĘDZYNARODOWY ZNORMALIZOWANY NUMER KSIĄŻKI - ISBN
ISBN 8373650288
040 ## - ŹRÓDŁO KATALOGOWANIA
Instytucja, która utworzyła rekord BPK
041 0# - KOD JĘZYKA
Kod języka tekstu pl
080 ## - UNIWERSALNA KLASYFIKACJA DZIESIĘTNA - UKD
UKD 378.662(438)
920 ## - Międzynarodowy znormalizowany numer książki – ISBN
ISBN 83-7365-028-8
008 - POLE O STAŁEJ DŁUGOŚCI - DANE KONTROLNE
podpole kontrolne o stałej długości s pl f |000 0 pol
245 00 - TYTUŁ/ODPOWIEDZIALNOŚĆ
Tytuł Informator dla kandydatów na studia /
Pozostałe elementy strefy tytułu i oznaczenia odpowiedzialności Politechnika Koszalińska. Wydział Mechaniczny.
246 11 - WARIANT TYTUŁU
Tytuł Informator 2003/2004 dla kandydatów na studia
260 ## - STREFA ADRESU WYDAWNICZEGO
Miejsce wydania Koszalin :
Nazwa wydawcy/dystrybutora Wydaw. Uczelniane PK,
Data publikacji, dystrybucji/powstania dokumentu 2003.
300 ## - STREFA OPISU FIZYCZNEGO
Objętość 94 s. ;
Rozmiary 21 cm.
500 ## - UWAGI OGÓLNE
Tekst uwagi Tyt. okł: Informator 2003/2004 dla kandydatów na studia.
650 #9 - HASŁO PRZEDMIOTOWE W FORMIE NAZWY OGÓLNEJ LUB JEDNOSTKOWEJ
Nazwa ogólna lub geograficzna Technika
Określnik ogólny szkolnictwo wyższe
Określnik geograficzny Polska
651 #9 - HASŁO PRZEDMIOTOWE W FORMIE NAZWY GEOGRAFICZNEJ
Nazwa geograficzna Koszalin
Określnik ogólny Politechnika Koszalińska
655 ## - TERMIN INDEKSOWY - OKREŚLENIE RODZAJU/FORMY DOKUMENTU
Określenie rodzaju/formy dokumentu Informatory
710 #0 - HASŁO DODATKOWE - NAZWA CIAŁA ZBIOROWEGO
Nazwa ciała zbiorowego lub jednostki geograficznej Politechnika Koszalińska (Koszalin)
Nazwa jednostki podrzędnej Wydział Mechaniczny
856 ## - LOKALIZACJA I DOSTĘP DO ELEKTRONICZNYCH DOKUMENTÓW ZDALNYCH
Link (URL) http://koha.tu.koszalin.pl/cgi-bin/koha/opac-detail.pl?biblionumber=42875
Tekst linku Katalog online BPK
942 ## - DODATKOWE ELEMENTY (KOHA)
Typ dokumentu Książka
Egzemplarze
Wycofany Status egzemplarza Uszkodzony Dostępność Lokalizacja stała Lokalizacja bieżąca Miejsce przechowywania Sygnatura Kod kreskowy Dział Typ dokumentu
      Tylko na miejscu Biblioteka Politechniki Koszalińskiej Biblioteka Politechniki Koszalińskiej Czytelnia BG 67638 01912883 0/9(058) Informatory Książka
      Dostępny Biblioteka Politechniki Koszalińskiej Biblioteka Politechniki Koszalińskiej Wypożyczalnia BG 67639 01912876   Książka
      Dostępny Biblioteka Politechniki Koszalińskiej Biblioteka Politechniki Koszalińskiej Wypożyczalnia BG 67640 01912869   Książka
© 2023 Biblioteka Politechniki Koszalińskiej :: KOHA